| 000 | 01224cam a2200373 a 4500 | ||
|---|---|---|---|
| 001 | data | ||
| 005 | 20260322212122.0 | ||
| 008 | data | ||
| 035 | _a3699612 | ||
| 906 |
_a7 _bcbc _corignew _d1 _eocip _f19 _gy-gencatlg |
||
| 010 | _a 79019980 | ||
| 020 | _a0405126263 | ||
| 020 | _a9780405126260 | ||
| 035 | _9(DLC) 79019980 | ||
| 040 |
_aDLC _cDLC _dDLC |
||
| 042 | _alcac | ||
| 050 | 0 | 0 |
_aGV565 _b.N48 |
| 082 | 0 | 0 |
_a796 _219 |
| 245 | 0 | 4 |
_aThe New York times encyclopedia of sports / _cedited by Gene Brown ; introd. by Frank Litsky. |
| 260 |
_aNew York : _bArno Press, _c1979-1980. |
||
| 300 |
_a15 v. ; _c29 cm. |
||
| 336 |
_atext _btxt _2rdacontent |
||
| 337 |
_aunmediated _bn _2rdamedia |
||
| 338 |
_avolume _bnc _2rdacarrier |
||
| 500 | _aCollection of articles reprinted from the New York times. | ||
| 504 | _aIncludes bibliographies and indexes. | ||
| 520 | _aTraces the history of various indoor and outdoor sports as presented in articles appearing in the "New York Times." | ||
| 650 | 0 | _aSports. | |
| 650 | 1 | _aSports. | |
| 700 | 1 | _aBrown, Gene. | |
| 730 | 0 | _aNew York times. | |
| 991 |
_bc-GenColl _hGV565 _i.N48 _tCopy 1 _wBOOKS |
||
| 999 |
_c1873 _d1873 |
||